000 00536nam a2200217Ia 4500
003 OSt
005 20221005124315.0
006 a|||||r|||| 00| 0
007 ta
008 221004b |||||||| |||| 00| 0 eng d
024 _a43492
037 _cTextual
040 _aCRL
_cCRL
_beng
041 _2eng
_aeng
082 _aO:1M40:13, F9
245 0 _aMoments of vision and miscellaneous verses
260 _c1929
650 _aENGLISH LITERATURE
942 _hO:1M40:13, F9
_cTEXL
_2cc
999 _c1050078
_d1050078